[Event "ISR-chT"]
[Site "Israel"]
[Date "2019.02.08"]
[Round "3.5"]
[White "Kreizberg, Michael"]
[Black "Aharon, Ofir"]
[Result "0-1"]
[WhiteElo "2297"]
[BlackElo "2310"]
[PlyCount "144"]
[EventDate "2019.01.04"]
[EventType "team-tourn"]
[EventRounds "11"]
[EventCountry "ISR"]
[SourceTitle "CBM 188 Extra"]
[Source "ChessBase"]
[SourceDate "2019.02.26"]
[SourceVersion "1"]
[SourceVersionDate "2019.02.26"]
[SourceQuality "1"]
[WhiteTeam "Tel Aviv Har Tsvi"]
[BlackTeam "Kfar Saba Hapoel II"]
[WhiteTeamCountry "ISR"]
[BlackTeamCountry "ISR"]

1. d4 Nf6 2. c4 g6 3. Nc3 d5 4. Nf3 Bg7 5. Qa4+ Bd7 6. Qb3 dxc4 7. Qxc4 0-0 8. Bg5 Na6 9. e3 c5 10. dxc5 Rc8 11. Be2 Nxc5 12. Qb4 a5 13. Qa3 b5 14. Nxb5 Bxb5 15. Bxb5 Qb6 16. Be2 Nd5 17. Nd4 e5 18. Nb3 Ne6 19. Bh4 Nb4 20. 0-0 Nc2 21. Qxa5 Qxa5 22. Nxa5 Nxa1 23. Rxa1 Rc2 24. Bf1 Rxb2 25. Nc4 Rc2 26. e4 Rc8 27. Ne3 Rc1 28. Rxc1 Rxc1 29. Be7 Ra1 30. a3 Nd4 31. g3 Nc6 32. Bd6 Bf8 33. Bxf8 Kxf8 34. Nc2 Ra2 35. Bd3 Nd4 36. Ne3 Rxa3 37. Bc4 Ra4 38. Bd5 Ne2+ 39. Kg2 Nc3 40. Bc6 Ra6 41. Bb7 Rb6 42. Ba8 Rb4 43. Kf3 Rb8 44. Bc6 Ke7 45. Nd5+ Nxd5 46. Bxd5 Rb2 47. h4 Rd2 48. Ke3 Rc2 49. Ba8 Kd6 50. Bd5 Rc3+ 51. Kd2 Rc7 52. Kd3 Ra7 53. Ke3 Kc5 54. Kd3 f5 55. Bg8 f4 56. gxf4 exf4 57. e5 Rg7 58. Ba2 Rd7+ 59. Ke4 Rd4+ 60. Kf3 Kc6 61. Bg8 h6 62. Bf7 Kd7 63. Kg4 Ke7 64. Bxg6 Ke6 65. Kh5 f3 66. Kxh6 Rd2 67. Kg5 Kxe5 68. Kg4 Rxf2 69. h5 Kd4 70. Kf4 Rf1 71. h6 f2 72. h7 Rh1 0-1

[Event "ISR-chT"]
[Site "Israel"]
[Date "2019.01.04"]
[Round "1.5"]
[White "Shvayger, Yuliya"]
[Black "Kreizberg, Michael"]
[Result "1/2-1/2"]
[WhiteElo "2387"]
[BlackElo "2297"]
[PlyCount "153"]
[EventDate "2019.01.04"]
[EventType "team-tourn"]
[EventRounds "11"]
[EventCountry "ISR"]
[SourceTitle "CBM 188 Extra"]
[Source "ChessBase"]
[SourceDate "2019.02.26"]
[SourceVersion "1"]
[SourceVersionDate "2019.02.26"]
[SourceQuality "1"]
[WhiteTeam "Beer Sheva Yud Alef"]
[BlackTeam "Tel Aviv Har Tsvi"]
[WhiteTeamCountry "ISR"]
[BlackTeamCountry "ISR"]

1. e4 c6 2. d4 d5 3. e5 Bf5 4. Nf3 e6 5. Be2 Ne7 6. 0-0 Bg6 7. c3 Nd7 8. b4 Nf5 9. a4 Be7 10. Nbd2 f6 11. exf6 Bxf6 12. Nb3 e5 13. g4 Nd6 14. g5 Be7 15. Nxe5 Nxe5 16. dxe5 Ne4 17. Qd4 Bxg5 18. f4 Bh6 19. Nc5 Nxc5 20. Qxc5 Be4 21. Bf3 Bxf3 22. Rxf3 Qe7 23. Be3 Qxc5 24. Bxc5 b6 25. Bd4 g6 26. f5 gxf5 27. Rxf5 Rg8+ 28. Kh1 Ke7 29. a5 Raf8 30. Rh5 Bf4 31. axb6 axb6 32. Bxb6 Ke6 33. Bd4 Ra8 34. Rf1 h6 35. Rh4 Bg5 36. Rh3 Rgf8 37. Rg1 Ra2 38. Rhg3 Rf4 39. Rb1 Re4 40. Rg2 Ree2 41. Rxe2 Rxe2 42. Ra1 Bf4 43. Ra6 Kd7 44. Ra7+ Kd8 45. Ra6 Kd7 46. Ra7+ Kd8 47. Bb6+ Ke8 48. Rc7 Bxe5 49. Rxc6 Rxh2+ 50. Kg1 Kd7 51. Rg6 Rc2 52. Bd4 Bxd4+ 53. cxd4 Rc4 54. Rxh6 Rxb4 55. Rh4 Kc6 56. Kf2 Kb5 57. Ke2 Kc4 58. Kd2 Rb3 59. Kc2 Rd3 60. Rg4 Rh3 61. Kd2 Rh2+ 62. Kd1 Kd3 63. Rg3+ Kxd4 64. Rg4+ Ke3 65. Rg3+ Kf4 66. Ra3 d4 67. Rb3 Ke4 68. Ra3 Ke5 69. Rb3 Kd5 70. Ra3 Kc4 71. Rg3 Ra2 72. Rh3 Rb2 73. Rg3 Rb7 74. Kd2 Ra7 75. Rh3 Ra2+ 76. Kd1 Kb4 77. Rg3 1/2-1/2

[Event "ISR-chT 08"]
[Site "Israel"]
[Date "2008.05.30"]
[Round "11.6"]
[White "Bitensky, Igor"]
[Black "Kreizberg, Michael"]
[Result "1/2-1/2"]
[WhiteElo "2424"]
[BlackElo "2312"]
[PlyCount "46"]
[EventDate "2007.12.26"]
[EventType "team-tourn"]
[EventRounds "11"]
[EventCountry "ISR"]
[SourceTitle "EXT 2009"]
[Source "ChessBase"]
[SourceDate "2008.11.26"]
[SourceVersion "1"]
[SourceVersionDate "2008.11.26"]
[SourceQuality "1"]
[WhiteTeam "Tel Aviv Shlomo Har Zvi"]
[BlackTeam "Jerusalem Tikvatenu"]
[WhiteTeamCountry "ISR"]
[BlackTeamCountry "ISR"]

1. Nf3 d5 2. g3 Nf6 3. Bg2 c6 4. 0-0 Bg4 5. d3 Nbd7 6. Nbd2 e6 7. h3 Bh5 8. e4 Qc7 9. Qe2 dxe4 10. dxe4 e5 11. b3 Be7 12. Bb2 0-0 13. Nc4 Bxf3 14. Qxf3 b5 15. Ne3 Rfe8 16. Rad1 Bf8 17. Ng4 a5 18. Qf5 Re6 19. f4 Nxg4 20. Qxg4 Rae8 21. f5 Rd6 22. Kh2 Rd8 23. Qe2 Be7 1/2-1/2

[Event "Tel Aviv After Holidays GM"]
[Site "Tel Aviv"]
[Date "2003.10.26"]
[Round "7"]
[White "Livshits, Gaby"]
[Black "Kreizberg, Michael"]
[Result "0-1"]
[WhiteElo "2409"]
[BlackElo "2329"]
[PlyCount "68"]
[EventDate "2003.10.19"]
[EventType "tourn"]
[EventRounds "9"]
[EventCountry "ISR"]
[EventCategory "8"]
[SourceTitle "EXT 2004"]
[Source "ChessBase"]
[SourceDate "2003.11.25"]
[SourceVersion "1"]
[SourceVersionDate "2003.11.25"]
[SourceQuality "1"]

1. e4 d6 2. d4 g6 3. Nc3 c6 4. f4 d5 5. e5 h5 6. Nf3 Bg4 7. h3 Bxf3 8. Qxf3 e6 9. g3 Qb6 10. a3 Ne7 11. Ne2 Nf5 12. c3 Be7 13. b4 a5 14. Bb2 Nd7 15. Bg2 c5 16. c4 dxc4 17. Qxb7 Qxb7 18. Bxb7 Rb8 19. Bc6 cxb4 20. axb4 Bxb4+ 21. Kf2 Ne7 22. Ba4 Nd5 23. Rhc1 Rc8 24. Nc3 Ke7 25. Nb5 N7b6 26. Na7 c3 27. Nxc8+ Rxc8 28. Ba3 Nxa4 29. Bxb4+ axb4 30. Rxa4 b3 31. Ra7+ Kd8 32. Rb7 b2 33. Rc2 Ra8 34. f5 gxf5 0-1

[Event "Tel Aviv After Holidays GM"]
[Site "Tel Aviv"]
[Date "2003.10.23"]
[Round "5"]
[White "Khmelniker, Ilya"]
[Black "Kreizberg, Michael"]
[Result "1-0"]
[WhiteElo "2451"]
[BlackElo "2329"]
[PlyCount "101"]
[EventDate "2003.10.19"]
[EventType "tourn"]
[EventRounds "9"]
[EventCountry "ISR"]
[EventCategory "8"]
[SourceTitle "EXT 2004"]
[Source "ChessBase"]
[SourceDate "2003.11.25"]
[SourceVersion "1"]
[SourceVersionDate "2003.11.25"]
[SourceQuality "1"]

1. d4 Nf6 2. c4 Nc6 3. Nf3 e6 4. g3 d5 5. cxd5 exd5 6. Bg2 Bf5 7. Nc3 Be7 8. 0-0 Ne4 9. Qb3 Nxc3 10. Qxc3 0-0 11. Bf4 Be4 12. Rac1 Bf6 13. Rfd1 Qe7 14. Qc5 Rfe8 15. Ne5 Bxe5 16. dxe5 Bxg2 17. Kxg2 d4 18. b4 Nxb4 19. Rxd4 Nc6 20. Qxe7 Rxe7 21. Rd2 h6 22. Rb2 Nd8 23. e6 Rc8 24. exf7+ Kxf7 25. a4 c6 26. a5 Ne6 27. Be3 c5 28. f4 Rc6 29. Rcb1 Nd8 30. Kf3 Rd7 31. Bf2 Rcc7 32. e4 Nc6 33. Bxc5 Nxa5 34. Bxa7 Nc4 35. Bb8 Nxb2 36. Bxc7 Nc4 37. Rxb7 Nd6 38. Rb6 Nxe4 39. Be5 Nd2+ 40. Kg4 Nc4 41. Rc6 Nxe5+ 42. fxe5 Rd2 43. h4 Re2 44. Rc7+ Kf8 45. Kf5 Rf2+ 46. Ke6 Kg8 47. Rc8+ Kh7 48. Ke7 h5 49. e6 Rf3 50. Ke8 Re3 51. e7 1-0

[Event "Tel Aviv After Holidays GM"]
[Site "Tel Aviv"]
[Date "2003.10.22"]
[Round "4"]
[White "Kreizberg, Michael"]
[Black "Ravia, Mosi"]
[Result "1/2-1/2"]
[WhiteElo "2329"]
[BlackElo "2386"]
[PlyCount "137"]
[EventDate "2003.10.19"]
[EventType "tourn"]
[EventRounds "9"]
[EventCountry "ISR"]
[EventCategory "8"]
[SourceTitle "EXT 2004"]
[Source "ChessBase"]
[SourceDate "2003.11.25"]
[SourceVersion "1"]
[SourceVersionDate "2003.11.25"]
[SourceQuality "1"]

1. e4 c5 2. Nf3 e6 3. d4 cxd4 4. Nxd4 Qb6 5. Nc3 Bc5 6. Na4 Qa5+ 7. c3 Be7 8. Nb5 d6 9. Bf4 e5 10. Be3 Nc6 11. Be2 Nf6 12. f3 0-0 13. 0-0 d5 14. exd5 Nxd5 15. Qxd5 Qxa4 16. Qe4 Qxe4 17. fxe4 a6 18. Nc7 Rb8 19. Nd5 Be6 20. Rad1 Bd8 21. Rd2 Re8 22. Rfd1 h6 23. a4 Rc8 24. b4 Kh7 25. h3 Bg5 26. Bxg5 hxg5 27. Nb6 Rc7 28. Rd6 Ne7 29. R1d3 Nc8 30. Nxc8 Rexc8 31. Bg4 Bxg4 32. hxg4 Rxc3 33. Rxc3 Rxc3 34. Rd7 b5 35. Rxf7 bxa4 36. Ra7 Rc4 37. Rxa6 Rxb4 38. Kf2 Rxe4 39. Ra5 Kg6 40. Ra6+ Kf7 41. Ra7+ Ke6 42. Rxg7 Rxg4 43. g3 Kd5 44. Ra7 Rb4 45. Ra5+ Ke6 46. Ra6+ Kf5 47. Ra5 Rb2+ 48. Ke1 Rb3 49. Rxa4 Rxg3 50. Kf2 Rg4 51. Ra8 Rf4+ 52. Kg3 g4 53. Rf8+ Ke4 54. Rg8 Kd5 55. Rd8+ Ke6 56. Rg8 Kf5 57. Rf8+ Ke4 58. Rg8 Rf1 59. Rxg4+ Ke3 60. Kh2 Ra1 61. Rg2 Rd1 62. Kg3 Rd2 63. Rg1 e4 64. Ra1 Rd3 65. Ra2 Rb3 66. Kg2 Kf4 67. Kf2 Rf3+ 68. Ke2 Rh3 69. Ra8 1/2-1/2

[Event "Tel Aviv After Holidays GM"]
[Site "Tel Aviv"]
[Date "2003.10.21"]
[Round "3"]
[White "Lerner, Konstantin Z"]
[Black "Kreizberg, Michael"]
[Result "1/2-1/2"]
[WhiteElo "2524"]
[BlackElo "2329"]
[PlyCount "38"]
[EventDate "2003.10.19"]
[EventType "tourn"]
[EventRounds "9"]
[EventCountry "ISR"]
[EventCategory "8"]
[SourceTitle "EXT 2004"]
[Source "ChessBase"]
[SourceDate "2003.11.25"]
[SourceVersion "1"]
[SourceVersionDate "2003.11.25"]
[SourceQuality "1"]

1. d4 d5 2. c4 c6 3. Nf3 Nf6 4. Nc3 a6 5. a4 e6 6. Bg5 Be7 7. e3 a5 8. Be2 0-0 9. 0-0 Na6 10. Qb1 h6 11. Bh4 Nb4 12. e4 b6 13. e5 Ne8 14. Bxe7 Qxe7 15. b3 Ba6 16. cxd5 cxd5 17. Bxa6 Rxa6 18. Qd1 Nc7 19. Rc1 Raa8 1/2-1/2

[Event "Tel Aviv Summer"]
[Site "Tel Aviv"]
[Date "2003.07.24"]
[Round "5"]
[White "Shutzman, Joseph"]
[Black "Kreizberg, Michael"]
[Result "0-1"]
[WhiteElo "2244"]
[BlackElo "2353"]
[PlyCount "82"]
[EventDate "2003.07.20"]
[EventType "tourn"]
[EventRounds "11"]
[EventCountry "ISR"]
[EventCategory "4"]
[SourceTitle "CBM 095 Extra"]
[Source "ChessBase"]
[SourceDate "2003.09.04"]
[SourceVersion "1"]
[SourceVersionDate "2003.09.04"]
[SourceQuality "1"]

1. e4 d6 2. d4 Nf6 3. Nc3 g6 4. Be3 c6 5. Qd2 b5 6. Bd3 Nbd7 7. Nf3 e5 8. 0-0 Bb7 9. h3 Bg7 10. dxe5 dxe5 11. a4 a6 12. Ne2 Qe7 13. Ng3 0-0 14. c4 b4 15. c5 a5 16. Qc2 Rfd8 17. Bc4 Ba6 18. Bxa6 Rxa6 19. Nd2 Ne8 20. Nb3 Nf8 21. Rfd1 Ne6 22. Rxd8 Nxd8 23. Rd1 Ra8 24. Rd3 Bf6 25. Qd2 Qe6 26. Bg5 Bxg5 27. Qxg5 f6 28. Qd2 Nf7 29. Nf1 f5 30. Ng3 Nf6 31. f3 f4 32. Nf1 g5 33. Qc2 h5 34. Nfd2 g4 35. hxg4 hxg4 36. Qc4 Qc8 37. Kf2 Kg7 38. Ke2 Qh8 39. Nf1 Qh1 40. Kf2 g3+ 41. Ke1 Qxg2 0-1

[Event "Tel Aviv Summer"]
[Site "Tel Aviv"]
[Date "2003.07.20"]
[Round "1"]
[White "Kreizberg, Michael"]
[Black "Rodshtein, Maxim"]
[Result "1/2-1/2"]
[WhiteElo "2353"]
[BlackElo "2344"]
[PlyCount "76"]
[EventDate "2003.07.20"]
[EventType "tourn"]
[EventRounds "11"]
[EventCountry "ISR"]
[EventCategory "4"]
[SourceTitle "CBM 095 Extra"]
[Source "ChessBase"]
[SourceDate "2003.09.04"]
[SourceVersion "1"]
[SourceVersionDate "2003.09.04"]
[SourceQuality "1"]

1. Nf3 Nf6 2. c4 b6 3. g3 c5 4. Bg2 Bb7 5. 0-0 g6 6. e3 Bg7 7. d4 0-0 8. d5 b5 9. Re1 bxc4 10. e4 d6 11. Nfd2 Nbd7 12. Nxc4 Ba6 13. Nba3 Nb6 14. Na5 Qc7 15. Nc6 e6 16. Bf4 Nh5 17. Rb1 Nxf4 18. gxf4 Rae8 19. b4 exd5 20. exd5 cxb4 21. Rxb4 Nd7 22. Re3 Nc5 23. Bf1 Bxf1 24. Qxf1 Qd7 25. Qe2 Rxe3 26. fxe3 Re8 27. Nc4 Ne4 28. Qf3 Nc5 29. Rb1 Bf6 30. Rd1 Ne4 31. h3 h5 32. Kg2 Kg7 33. Rf1 Qf5 34. Rd1 Kh6 35. Kh2 Bh4 36. Rd4 Kg7 37. Kg2 Bf6 38. Rd1 Kh7 1/2-1/2

[Event "ISR-chT"]
[Site "Israel"]
[Date "2003.03.08"]
[Round "5"]
[White "Kreizberg, Michael"]
[Black "Lerner, Konstantin Z"]
[Result "1/2-1/2"]
[WhiteElo "2339"]
[BlackElo "2507"]
[PlyCount "57"]
[EventDate "2003.01.??"]
[EventType "team"]
[EventRounds "11"]
[EventCountry "ISR"]
[SourceTitle "EXT 2004"]
[Source "ChessBase"]
[SourceDate "2003.11.25"]
[SourceVersion "1"]
[SourceVersionDate "2003.11.25"]
[SourceQuality "1"]

1. Nf3 Nf6 2. c4 c5 3. Nc3 Nc6 4. d4 cxd4 5. Nxd4 e6 6. a3 Be7 7. e4 0-0 8. Be2 d5 9. cxd5 exd5 10. exd5 Nxd5 11. Nxd5 Qxd5 12. Nxc6 Qxc6 13. Bf3 Qb6 14. 0-0 Bc5 15. Qc2 Be6 16. b4 Bd4 17. Bb2 Rac8 18. Bxd4 Qxd4 19. Qd1 Qb6 20. Rc1 Qa6 21. Rxc8 Rxc8 22. Qa1 b6 23. Rc1 Rxc1+ 24. Qxc1 Qd3 25. h4 h6 26. h5 Qd4 27. Qc7 Qd7 28. Qb8+ Qc8 29. Qxa7 1/2-1/2

[Event "ISR-ch"]
[Site "Tel Aviv"]
[Date "2002.12.01"]
[Round "7"]
[White "Kreizberg, Michael"]
[Black "Klenburg, Mikhail"]
[Result "1/2-1/2"]
[WhiteElo "2346"]
[BlackElo "2331"]
[PlyCount "106"]
[EventDate "2002.11.24"]
[EventType "swiss"]
[EventRounds "9"]
[EventCountry "ISR"]
[SourceTitle "CBM 093"]
[Source "ChessBase"]
[SourceDate "2003.04.01"]
[SourceVersion "1"]
[SourceVersionDate "2003.04.01"]
[SourceQuality "1"]

1. Nf3 d6 2. d4 Nf6 3. Nc3 g6 4. e4 Bg7 5. Be3 0-0 6. Qd2 a6 7. Bh6 b5 8. Bxg7 Kxg7 9. h4 h5 10. e5 dxe5 11. Nxe5 Bb7 12. 0-0-0 Nbd7 13. Be2 Nb6 14. Rhg1 Rh8 15. Bf3 Rb8 16. Qe2 Qd6 17. Bxb7 Rxb7 18. Qf3 Nbd5 19. Ne4 Qb6 20. Rge1 c6 21. Ng5 e6 22. Qg3 Rh6 23. Qh3 Nf4 24. Qf3 N4d5 25. Qe2 Rh8 26. Qd3 Rh6 27. Qd2 Rh8 28. Qd3 Rh6 29. Kb1 a5 30. c3 b4 31. Nc4 Qb5 32. Nd6 Qxd3+ 33. Rxd3 Rd7 34. Nc4 bxc3 35. bxc3 Rh8 36. Rf3 Rb7+ 37. Kc2 a4 38. Rb1 Rxb1 39. Kxb1 Rd8 40. Ne5 Rb8+ 41. Kc2 a3 42. Nc4 Ne7 43. Nxa3 Nf5 44. g3 Rc8 45. Nc4 c5 46. dxc5 Rxc5 47. Kb3 Rb5+ 48. Ka4 Rb8 49. Na5 Nd7 50. Ne4 Ne5 51. Rf4 Nd3 52. Rf3 Ne5 53. Rf4 Nd3 1/2-1/2

[Event "ISR-ch"]
[Site "Tel Aviv"]
[Date "2002.11.29"]
[Round "5"]
[White "Kreizberg, Michael"]
[Black "Deutsch, Eyal"]
[Result "1/2-1/2"]
[WhiteElo "2346"]
[BlackElo "2272"]
[PlyCount "76"]
[EventDate "2002.11.24"]
[EventType "swiss"]
[EventRounds "9"]
[EventCountry "ISR"]
[SourceTitle "CBM 093"]
[Source "ChessBase"]
[SourceDate "2003.04.01"]
[SourceVersion "1"]
[SourceVersionDate "2003.04.01"]
[SourceQuality "1"]

1. Nf3 Nf6 2. c4 e6 3. g3 b6 4. Bg2 Bb7 5. 0-0 Be7 6. Nc3 c5 7. Re1 0-0 8. e4 d6 9. d4 cxd4 10. Nxd4 Qc8 11. b3 Nc6 12. Ba3 Nxd4 13. Qxd4 Rd8 14. Rad1 Ne8 15. Qe3 Bf8 16. Rd2 Bc6 17. Red1 Qb7 18. Nb5 Bxb5 19. cxb5 Rac8 20. Bb4 Qb8 21. Rd4 Rc2 22. a4 Rdc8 23. Bf1 R2c7 24. Bd3 g6 25. Bc4 Rd8 26. R4d3 Bg7 27. Qd2 Rcc8 28. Bxd6 Nxd6 29. Rxd6 Rxd6 30. Qxd6 Qxd6 31. Rxd6 Rc7 32. f4 Bf8 33. Rd8 Kg7 34. Kg2 Be7 35. Re8 Rd7 36. Kf3 h6 37. h3 Bc5 38. Ra8 h5 1/2-1/2

[Event "Tel Aviv Hot Summer"]
[Site "Tel Aviv"]
[Date "2002.09.01"]
[Round "11"]
[White "Shabtai, Ran"]
[Black "Kreizberg, Michael"]
[Result "1/2-1/2"]
[WhiteElo "2271"]
[BlackElo "2332"]
[PlyCount "88"]
[EventDate "2002.08.22"]
[EventType "tourn"]
[EventRounds "11"]
[EventCountry "ISR"]
[EventCategory "3"]
[SourceTitle "EXT 2003"]
[Source "ChessBase"]
[SourceDate "2002.11.25"]
[SourceVersion "1"]
[SourceVersionDate "2002.11.25"]
[SourceQuality "1"]

1. e4 d6 2. d4 Nf6 3. Nc3 g6 4. f4 Bg7 5. Nf3 c5 6. Bb5+ Bd7 7. e5 Ng4 8. h3 cxd4 9. Qxd4 Bxb5 10. Nxb5 Qa5+ 11. Nc3 Nc6 12. Qe4 Nh6 13. g4 Rd8 14. Bd2 e6 15. a3 Ng8 16. 0-0-0 Nge7 17. Rhe1 0-0 18. Kb1 Rd7 19. Qe2 dxe5 20. fxe5 Qc7 21. Bf4 Rxd1+ 22. Rxd1 Rd8 23. Nb5 Qb6 24. Rxd8+ Qxd8 25. Nd6 Nd5 26. Bg3 Qc7 27. c4 Nde7 28. Ne8 Qd7 29. Nxg7 Kxg7 30. Bh4 Ng8 31. Be1 h6 32. Ka2 Nce7 33. Bc3 a6 34. Nd4 Nc6 35. Qe4 Nxd4 36. Bxd4 g5 37. Bc5 Ne7 38. Qf3 Ng6 39. Bd6 Qc8 40. b3 Qd7 41. Qe4 Kh7 42. Qf3 Kg8 43. a4 Qc8 44. Ka3 Qd7 1/2-1/2

[Event "Tel Aviv Spring"]
[Site "Tel Aviv"]
[Date "2002.05.23"]
[Round "5"]
[White "Kreizberg, Michael"]
[Black "Shevelev, Danny"]
[Result "0-1"]
[WhiteElo "2334"]
[BlackElo "2324"]
[PlyCount "56"]
[EventDate "2002.05.20"]
[EventType "tourn"]
[EventRounds "11"]
[EventCountry "ISR"]
[EventCategory "4"]
[SourceTitle "CBM 088 Extra"]
[Source "ChessBase"]
[SourceDate "2002.07.01"]
[SourceVersion "2"]
[SourceVersionDate "2002.07.01"]
[SourceQuality "1"]

1. c4 e5 2. Nc3 Nf6 3. g3 Bb4 4. Bg2 Bxc3 5. bxc3 0-0 6. Nf3 e4 7. Nd4 c5 8. Nc2 d5 9. cxd5 Qxd5 10. f3 Qh5 11. fxe4 Bh3 12. Bf3 Qg6 13. d3 c4 14. Bf4 Nc6 15. Ne3 cxd3 16. exd3 Rfe8 17. Kf2 Rad8 18. Qe2 b5 19. a3 a5 20. Rhc1 b4 21. axb4 axb4 22. Ra6 Re6 23. Qb2 Ne5 24. Bxe5 Rxa6 25. Qxb4 Ra2+ 26. Kg1 Ng4 27. Bxg4 Bxg4 28. Nd5 Qh6 0-1

[Event "Tel Aviv Spring"]
[Site "Tel Aviv"]
[Date "2002.05.22"]
[Round "4"]
[White "Bykhovsky, Avigdor"]
[Black "Kreizberg, Michael"]
[Result "1-0"]
[WhiteElo "2452"]
[BlackElo "2334"]
[PlyCount "61"]
[EventDate "2002.05.20"]
[EventType "tourn"]
[EventRounds "11"]
[EventCountry "ISR"]
[EventCategory "4"]
[SourceTitle "CBM 088 Extra"]
[Source "ChessBase"]
[SourceDate "2002.07.01"]
[SourceVersion "2"]
[SourceVersionDate "2002.07.01"]
[SourceQuality "1"]

1. d4 Nf6 2. c4 g6 3. g3 c6 4. Bg2 d5 5. cxd5 cxd5 6. Nc3 Bg7 7. Nf3 0-0 8. Ne5 e6 9. 0-0 Nfd7 10. f4 Qb6 11. Na4 Qd6 12. Be3 b6 13. Rc1 Bb7 14. Nc3 a6 15. Na4 f6 16. Nc4 dxc4 17. Bxb7 Ra7 18. Bg2 Rc7 19. d5 e5 20. fxe5 fxe5 21. Rxf8+ Bxf8 22. Bh3 b5 23. Be6+ Kh8 24. Qf1 Bg7 25. Nc3 Nc5 26. Bxc5 Qxc5+ 27. Qf2 Nd7 28. Rd1 Bf8 29. d6 Bxd6 30. e3 Nf8 31. Ne4 1-0

[Event "Tel Aviv Spring"]
[Site "Tel Aviv"]
[Date "2002.05.22"]
[Round "3"]
[White "Kreizberg, Michael"]
[Black "Deutsch, Eyal"]
[Result "1/2-1/2"]
[WhiteElo "2334"]
[BlackElo "2224"]
[PlyCount "87"]
[EventDate "2002.05.20"]
[EventType "tourn"]
[EventRounds "11"]
[EventCountry "ISR"]
[EventCategory "4"]
[SourceTitle "CBM 088 Extra"]
[Source "ChessBase"]
[SourceDate "2002.07.01"]
[SourceVersion "2"]
[SourceVersionDate "2002.07.01"]
[SourceQuality "1"]

1. c4 e6 2. Nf3 d5 3. b3 Nf6 4. g3 b6 5. Bg2 Bb7 6. 0-0 Be7 7. Bb2 0-0 8. e3 c5 9. Qe2 Nc6 10. Rd1 Qc8 11. d3 Rd8 12. Nbd2 d4 13. exd4 cxd4 14. Re1 Bc5 15. Ng5 h6 16. Nge4 Nxe4 17. Nxe4 Bb4 18. Rec1 Bf8 19. a3 a5 20. Rc2 Bc5 21. Bc1 Qc7 22. Rb1 Qe7 23. Nxc5 bxc5 24. Bd2 Rdb8 25. Rcb2 Re8 26. b4 axb4 27. axb4 cxb4 28. Bxb4 Nxb4 29. Bxb7 Qxb7 30. Rxb4 Qe7 31. Qe4 Qf6 32. c5 Ra2 33. R4b2 Rxb2 34. Rxb2 Rc8 35. Kg2 g6 36. Rc2 e5 37. f3 Qe6 38. f4 Qb3 39. Rc4 exf4 40. gxf4 Qd1 41. Kg3 Qg1+ 42. Kh3 Qf1+ 43. Kg3 Qg1+ 44. Kh3 1/2-1/2

[Event "Tel Aviv Spring"]
[Site "Tel Aviv"]
[Date "2002.05.20"]
[Round "1"]
[White "Kreizberg, Michael"]
[Black "Porat, Shay"]
[Result "1-0"]
[WhiteElo "2334"]
[BlackElo "2382"]
[PlyCount "109"]
[EventDate "2002.05.20"]
[EventType "tourn"]
[EventRounds "11"]
[EventCountry "ISR"]
[EventCategory "4"]
[SourceTitle "CBM 088 Extra"]
[Source "ChessBase"]
[SourceDate "2002.07.01"]
[SourceVersion "2"]
[SourceVersionDate "2002.07.01"]
[SourceQuality "1"]

1. d4 Nf6 2. Nf3 e6 3. g3 b6 4. Bg2 Bb7 5. 0-0 Be7 6. c4 0-0 7. Re1 d5 8. cxd5 exd5 9. Nc3 Nbd7 10. Bf4 Ne4 11. Qb3 Ndf6 12. Red1 Bd6 13. Bxd6 Qxd6 14. Rac1 Nxc3 15. Rxc3 c6 16. Rdc1 Rfe8 17. e3 Re7 18. Ne1 h5 19. Nd3 Rc8 20. Qa3 Qxa3 21. Rxa3 a5 22. Rb3 b5 23. Rbc3 g5 24. h4 g4 25. Nf4 Rb8 26. Bf1 Kg7 27. Bd3 Kh6 28. Bf5 Rd8 29. Nd3 Rc7 30. Ne5 Rd6 31. Rc5 Ne8 32. Bd3 f6 33. Ng6 Rg7 34. Nf4 Nc7 35. Bf5 Na6 36. R5c3 a4 37. Nd3 Rg8 38. Nc5 Nxc5 39. Rxc5 Kg7 40. Kf1 Ra8 41. a3 Rb8 42. Ke2 Re8 43. Kd2 Kf7 44. Kc3 Ke7 45. Bg6 Rg8 46. Bf5 Bc8 47. Bc2 Kd7 48. Kb4 Rg7 49. Bf5+ Kd8 50. Bxc8 Kxc8 51. Rxc6+ Rxc6 52. Rxc6+ Kb7 53. Kxb5 Rf7 54. Rc5 f5 55. Rxd5 1-0

[Event "Mordechay Porat Memorial"]
[Site "Rehovot"]
[Date "2001.11.23"]
[Round "3"]
[White "Golod, Vitali"]
[Black "Kreizberg, Michael"]
[Result "1-0"]
[WhiteElo "2517"]
[BlackElo "2318"]
[PlyCount "45"]
[EventDate "2001.11.23"]
[EventType "swiss"]
[EventRounds "5"]
[EventCountry "ISR"]
[SourceTitle "CBM 087"]
[Source "ChessBase"]
[SourceDate "2002.03.21"]
[SourceVersion "1"]
[SourceVersionDate "2002.03.21"]
[SourceQuality "1"]

1. d4 d6 2. e4 Nf6 3. Nc3 g6 4. f4 Bg7 5. Nf3 c5 6. Bb5+ Bd7 7. e5 Ng4 8. Bxd7+ Qxd7 9. h3 cxd4 10. Qxd4 Nc6 11. Qe4 f5 12. Qe2 Nh6 13. Bd2 dxe5 14. fxe5 Qe6 15. 0-0-0 0-0-0 16. Ng5 Qxe5 17. Ne6 Rd6 18. Nxg7 Qxg7 19. Nb5 Rd7 20. Qc4 Nf7 21. Nxa7+ Kb8 22. Nxc6+ bxc6 23. Bc3 1-0

[Event "ISR-chT"]
[Site "Ramat Aviv"]
[Date "2000.05.12"]
[Round "11.1"]
[White "Kreizberg, Michael"]
[Black "Kantsler, Boris"]
[Result "1/2-1/2"]
[WhiteElo "2239"]
[BlackElo "2562"]
[PlyCount "24"]
[EventDate "2000.01.14"]
[EventType "team"]
[EventRounds "11"]
[EventCountry "ISR"]
[SourceTitle "CBM 077"]
[Source "ChessBase"]
[SourceDate "2000.07.27"]
[SourceVersion "1"]
[SourceVersionDate "2000.07.27"]
[SourceQuality "1"]
[WhiteTeam "Jerusalem Elitzur II"]
[BlackTeam "Tel Aviv Univ"]
[WhiteTeamCountry "ISR"]
[BlackTeamCountry "ISR"]

1. e4 g6 2. d4 Bg7 3. Nf3 d6 4. Nc3 Nf6 5. Be2 0-0 6. 0-0 c6 7. Re1 Nbd7 8. e5 dxe5 9. dxe5 Nd5 10. Nxd5 cxd5 11. Qxd5 Nxe5 12. Qxd8 Rxd8 1/2-1/2